000 00509nam a22001697a 4500
005 20231106080637.0
008 231106b |||||||| |||| 00| 0 eng d
020 _a9780702155833 ; 0702155837
041 _aEnglish
082 _a346.6 BLA
100 _lEnglish
245 _aCommentary on the Companies Act /
_cMS Blackman et al.
260 _aCape Town :
_bJuta and Company Ltd,
_c2002
300 _b320 pages ;
_c26 cm.
650 _aLegal practice
_bLaw
942 _cBK
_6ALISON_BN_VRIES
999 _c293
_d293